Organic chemistry
Gespeichert in:
| 1. Verfasser: | |
|---|---|
| Format: | Buch |
| Sprache: | Englisch |
| Veröffentlicht: |
Englewood Cliffs
Prentice-Hall
1961
|
| Schriftenreihe: | Prentice-Hall Chemistry Series
|
| Schlagworte: | |
| Tags: |
Tag hinzufügen
Keine Tags, Fügen Sie den ersten Tag hinzu!
|
MARC
| LEADER | 00000nam a2200000 a 4500 | ||
|---|---|---|---|
| 001 | UCY0393 | ||
| 003 | CL-VaPUC | ||
| 008 | 940729e19610000US |||||||||||||||||eng|d | ||
| 082 | 0 | 4 | |a 547 |b SEY |2 21 |
| 100 | 0 | |a Seymour, Keith M |e author |9 328079 | |
| 245 | 1 | 0 | |a Organic chemistry |
| 300 | |a 321 p | ||
| 942 | |c BK | ||
| 945 | |d 19940729 00:00:00 |a mfernand | ||
| 260 | |a Englewood Cliffs |b Prentice-Hall |c 1961 | ||
| 650 | 0 | |a Química orgánica |9 259426 | |
| 583 | |a last modification |c 20120812 04:42:32 |k Rodrigo Vera | ||
| 490 | 0 | |a Prentice-Hall Chemistry Series | |
| 999 | |c 229395 |d 229393 | ||
| 952 | |0 0 |1 0 |4 0 |6 547_000000000000000_SEY_1961 |7 0 |8 A |9 230486 |a BIBALI |b BIBALI |c GEN |d 2019-11-15 |i 2998874 |o 547 SEY 1961 |p 2998874 |r 2025-01-20 |w 2019-11-15 |y BK |k ALI | ||